Statistics for U.S. States by a Single Clue #4

Click here to take the quiz!

General Stats

  • This quiz has been taken 68 times
  • The average score is 11 of 15

Answer Stats

HintAnswer% Correct
Only state to border the ArcticAlaska
98%
Borders four Great LakesMichigan
97%
Big AppleNew York
92%
Shares Lake Tahoe with NevadaCalifornia
90%
First state to ratify the ConstitutionDelaware
82%
Contains Myrtle BeachSouth Carolina
79%
Home to Puget SoundWashington
77%
Don't mess with itTexas
75%
Place to find the Saguaro cactiArizona
74%
State closest to AfricaMaine
67%
Home of independent senator B. SandersVermont
64%
Suffered from a 1995 bombingOklahoma
64%
Edison and Einstein died hereNew Jersey
54%
Has the smallest city with a Big 4 teamWisconsin
41%
Famous for its "Delicate Arch"Utah
38%

Score Distribution

Percentile by Number Answered

Percent of People with Each Score

Your Score History

You have not taken this quiz